| 000 | 00535nam a22001817a 4500 | ||
|---|---|---|---|
| 003 | OSt | ||
| 005 | 20260421043654.0 | ||
| 008 | 260421b |||||||| |||| 00| 0 eng d | ||
| 020 | _a1-41-900375-5 | ||
| 040 |
_aDWC-Main lib. _cOC |
||
| 082 | _aCirc. 510 H257 2006 | ||
| 110 | _aHARCOURT ACHIEVE | ||
| 245 |
_aMathematical reasoning/ _cHARCOURT ACHIEVE |
||
| 260 |
_aAustin, Texas : _bHarcourt Achieve, _cc2006. |
||
| 300 |
_aiii, 46 p. : _billustations ; _c28 cm. |
||
| 650 | _a1. Mathematics. | ||
| 942 |
_2ddc _cBK-CIRC _hCirc. _n0 |
||
| 999 |
_c9544 _d9544 |
||